000 00227 a2200097 4500
001 32595
100 _aColby, W
245 _aHonorable Men my life in the CIA
260 _aNew york
_bSimon & Schuster
_c
090 _c21811
_d21811
942 _aNUST-CAE
_cM
_c13127
999 _c267668
_d267668